|
|
|
|
| LEADER |
00958naa a2200205 i 4500 |
| 001 |
acta87196 |
| 005 |
20250505115635.0 |
| 008 |
250505s2025 hu o 100 hun d |
| 040 |
|
|
|a SZTE Egyetemi Kiadványok Repozitórium
|b hun
|
| 041 |
|
|
|a hun
|
| 100 |
1 |
|
|a Kovács Mercédesz
|
| 245 |
1 |
2 |
|a A miRNS-ek hatásainak vizsgálata neurodegeneratív betegségmodellben
|h [elektronikus dokumentum] :
|b [absztrakt] /
|c Kovács Mercédesz
|
| 260 |
|
|
|a Szegedi Tudományegyetem, Móra Ferenc Szakkollégium
|b Szeged
|c 2025
|
| 300 |
|
|
|a 32
|
| 490 |
0 |
|
|a Móra Ferenc Szakkollégium Természettudományi Konferencia
|
| 650 |
|
4 |
|a Természettudományok
|
| 650 |
|
4 |
|a Biológiai tudományok
|
| 695 |
|
|
|a Molekuláris neurobiológia - előadáskivonat, Genetika - előadáskivonat
|
| 711 |
|
|
|a Móra Ferenc Szakkollégium Természettudományi Konferencia
|c Szeged
|d 2025. április 5.
|
| 856 |
4 |
0 |
|u http://acta.bibl.u-szeged.hu/87196/1/morakonf_2025_termtud_032.pdf
|z Dokumentum-elérés
|